Kampung Tanjung Gemok

Bibliographic Details
Main Author: Azilah Razali
Corporate Author: Title
Format: Book
Published: Kuala Lumpur : Sabunai Media , 2006
Series:Siri cerpen puspasari
Subjects:

MARC

LEADER 00000cam a2200000 7i4500
001 0000000280
005 20160330.0
008 070629
020 |a 9832612802(set) 
020 |a 983261287X 
090 0 0 |a AZI   |b MAL 
100 0 |a Azilah Razali 
245 1 0 |a Kampung Tanjung Gemok   |c Azilah Razali 
260 |a Kuala Lumpur :   |b Sabunai Media ,   |c 2006 
440 |a Siri cerpen puspasari 
500 |a Teenager ages 13-18 years old (blue) 
650 0 |a Junior fiction   |x Malay   |x Languages 
710 0 |a Title 
999 |a 0000955327   |b Book   |c Teenagers   |e Cawangan Segamat 
999 |a 0000955328   |b Book   |c Teenagers   |e Cawangan Segamat 
999 |a 0000956149   |b Book   |c Teenagers   |e Cawangan Pontian 
999 |a 0000956150   |b Book   |c Teenagers   |e Perbadanan Perpustakaan Awam Johor 
999 |a 0000956151   |b Book   |c Teenagers   |e Perbadanan Perpustakaan Awam Johor 
999 |a 0000956152   |b Book   |c Teenagers   |e Cawangan Kota Tinggi 
999 |a 0000956153   |b Book   |c Teenagers   |e Perbadanan Perpustakaan Awam Johor 
999 |a 0001128919   |b Book   |c Teenagers   |e Cawangan Taman Sri Lambak